| 000 | 00425nam a22001577a 4500 | ||
|---|---|---|---|
| 999 |
_c64706 _d64703 |
||
| 082 | _aR/6IT15 | ||
| 100 | _aArshad Ahmed | ||
| 100 | _aRoll No. 15BS(IT)54 | ||
| 100 | _aSupervisor - Ghullam Hussain Jalbani | ||
| 245 | _aOnline Reservation System | ||
| 260 |
_aNawabshah _bQUEST _c2019 |
||
| 300 | _a38p | ||
| 700 | _aMujeeb Ahmed (Roll No. 15BS(IT)50) | ||
| 700 | _aZahid Hussain (Roll No. 15BS(IT)19) | ||
| 942 | _cTHESIS | ||